Achieving Excellence in Fundraising /

Збережено в:
Бібліографічні деталі
Автор: Shaker, Genevieve G. (edición)
Формат: Книга
Мова:Англійська
Опубліковано: Hoboken, EUA : Wiley, 2022, c2022
Редагування:5a edición
Предмети:
Теги: Додати тег
Немає тегів, Будьте першим, хто поставить тег для цього запису!

MARC

LEADER 00000nam^a2200000^a^4500
001 000622231
005 20251002000000.0
009 20260310133915.06
020 |a 978-1-119-76375-8 
037 |a Acervo ITESO - Biblioteca 
041 |a ING 
082 |a 361. 70681  |b ACH 
100 |a Shaker, Genevieve G.  |e (edición) 
245 1 0 |a Achieving Excellence in Fundraising /  |c Ed. de G.G. Shaker... [et al.]. 
250 |a 5a edición 
264 4 |a Hoboken, EUA :  |b Wiley,  |c 2022, c2022 
300 |a XLVI, 326 p. 
336 |a texto  |b txt  |2 rdacontenido 
337 |a sin mediación  |b n  |2 rdamedio 
338 |a volumen  |b nc  |2 rdasoporte 
521 |a Peticiones 2025 
649 |a XX 
650 |a Instituciones de Beneficencia -  |x Aspectos Económicos 
650 |a Organizaciones No Gubernamentales -  |x Aspectos Económicos 
650 |a Financiamiento (de Empresas, Proyectos, etc.) -  |x Tema Principal 
650 |a Donaciones -  |x Tema Principal 
650 |a Asistencia Económica 
650 |a Administración Financiera 
650 |a Economía Social 
910 |a Fondo General 
920 |a Impresos - Libros 
930 |a Colección General 
905 |a 101 
901 |a 622231-10  |b IT1  |c ACC  |i C190689  |u 20251002 
902 |a https://opac.biblio.iteso.mx/vufind/Record/000622231